00370nam a2200145Ia 4500008004100000040001900041041001200060082002000072100001900092245003600111260003200147300002300179650000800202850001400210131103s9999 xx 000 0 und d aLoreto College aEnglish aREFbLCBED/3198 aEnnion, E.A.R. 4aThe animal worldcE.A.R. Ennion aLondonbRaphael Tuckc[19?] a30pb pic.c 25cm. aREF aLCBED/REF